E-metriky a hodnotenie štatistiky návštevnosti webových stránok

Monitorovanie návštevnosti webových stránok, ciele monitorovania. Predikcie návštevnosti. Bounce Rate.

Gespeichert in:
Bibliographische Detailangaben
1. Verfasser: Mišota, Branislav
Weitere Verfasser: Horka, Ľuboš, Stenchlák, Marián
Format: Buchkapitel
Sprache:Slowakisch
Schlagworte:
Tags: Tag hinzufügen
Keine Tags, Fügen Sie das erste Tag hinzu!

MARC

LEADER 00000naa$a2200000$$$4500
001 0090242
005 20220712140349.5
041 0 |a slo 
044 |a SK 
245 1 0 |a E-metriky a hodnotenie štatistiky návštevnosti webových stránok  |c Branislav Mišota, Ľuboš Horka, Marián Stenchlák 
520 |a Monitorovanie návštevnosti webových stránok, ciele monitorovania. Predikcie návštevnosti. Bounce Rate. 
610 2 0 |a podnikanie elektronické 
610 2 0 |a internet 
610 2 0 |a servery 
610 2 0 |a získavanie informácií 
610 2 0 |a marketing 
610 2 0 |a kampane reklamné 
610 2 0 |a údaje štatistické 
610 2 0 |a štatistika 
100 1 |a Mišota, Branislav 
700 1 |a Horka, Ľuboš 
700 1 |a Stenchlák, Marián